000 00830nam a22002297a 4500
003 BUBTL
008 231113b ||||| |||| 00| 0 eng d
020 _a9789849385387
041 _aeng
082 _a954.92/ M8469b/ 2021
245 _aBangabandhu Sheikh Mujibur Rahman Voice of the Vortex /
_cShamsad Mortuza
250 _aIst ed.
260 _aDhaka :
_bNational Implementation Committee for the Celebration of the Birth Centenary of the Father of the Nation Bangabandhu Sheikh Mujibur Rahman.
_cc2021
300 _axi, 187 p. :
_bills. ;
_c22cm.
505 _aVoice of the Vortex, Shamsad Mortuza, Bangubandhu
650 0 _94372
_aBangabandhu
650 0 _93573
_aবঙ্গবন্ধু
710 _95575
_aMortuza, Shamsad
856 _k0
_l0
_yDownload
942 _2ddc
_cBK
999 _c7136
_d7136